| 000 | 00439nam a22001697a 4500 | ||
|---|---|---|---|
| 003 | MPLRDC | ||
| 005 | 20220104145511.0 | ||
| 008 | 210129b ||||| |||| 00| 0 eng d | ||
| 082 | _a889 JMMZ v.55 c.4 | ||
| 100 | _a玛格莉. 罗 | ||
| 245 |
_a森林狂曲 _c邱梅芳译 |
||
| 260 |
_a _b精美出版社 _c1982 |
||
| 300 | _b平 | ||
| 490 | _a精美名著. 55 | ||
| 650 | _a西洋小说之中文翻译 | ||
| 942 |
_cBK _o889 JMMZ v.55 c.4 |
||
| 999 |
_c51353 _d51343 |
||